Normal view
MARC view
- Marketing for Hospitality-Tourism
Entry Topical Term
001 - CONTROL NUMBER
- control field: 4010
003 - CONTROL NUMBER IDENTIFIER
- control field: JO-AjAnu
005 - DATE AND TIME OF LATEST TRANSACTION
- control field: 20230606070946.0
008 - FIXED-LENGTH DATA ELEMENTS
- fixed length control field: 230606|| aca||aabn | a|a d
040 ## - CATALOGING SOURCE
- Original cataloging agency: JO-AjAnu
- Transcribing agency: JO-AjAnu
150 ## - HEADING--TOPICAL TERM
- Topical term or geographic name entry element: Marketing for Hospitality-Tourism
670 ## - SOURCE DATA FOUND
- Source citation: Work cat.: (JO-AjAnu)2087: Makensm James/john bowen , author 4009, Marketing for Hospitality and Tourism